[Event "FRA-ch U16 Girls"]
[Site "Gonfreville"]
[Date "2016.??.??"]
[Round "3"]
[White "Rollot, Florence"]
[Black "Saiah, Salome"]
[Result "1-0"]
[WhiteElo "1903"]
[BlackElo "1574"]
[PlyCount "67"]
[EventDate "2016.04.22"]
[EventType "swiss"]
[EventRounds "9"]
[EventCountry "FRA"]
[SourceTitle "EXT 2019"]
[Source "ChessBase"]
[SourceDate "2018.10.10"]
[SourceVersion "1"]
[SourceVersionDate "2018.10.10"]
[SourceQuality "1"]

1. Nf3 c5 2. c4 Nf6 3. g3 g6 4. Bg2 Bg7 5. Nc3 Nc6 6. a3 0-0 7. Rb1 e6 8. b4 d5 9. bxc5 dxc4 10. Qa4 Na5 11. 0-0 Bd7 12. Qc2 Bc6 13. d3 cxd3 14. exd3 Nd7 15. Nb5 Qf6 16. Nbd4 Bxf3 17. Nxf3 Qf5 18. Bd2 Nc6 19. Rxb7 Qxc5 20. Rc1 Qxc2 21. Rxc2 Nde5 22. Ng5 Nd4 23. Rcc7 Rad8 24. Bb4 h6 25. Bxf8 Rxf8 26. Ne4 Nxd3 27. Nd6 Ne5 28. Rxa7 Ndf3+ 29. Bxf3 Nxf3+ 30. Kg2 Be5 31. Rxf7 Ng5 32. Rxf8+ Kxf8 33. Ra8+ Ke7 34. Nc8+ 1-0